| LEADER | 01149cam a2200349 i 4500 | ||
|---|---|---|---|
| 001 | 000043209 | ||
| 003 | 1084 | ||
| 005 | 20110923161038.0 | ||
| 008 | 010217b1999 vm 000 vie | ||
| 020 | |c 150000 | ||
| 040 | |a IRC |c IRC |d IRC | ||
| 041 | 0 | |a vie | |
| 082 | 1 | 4 | |a 503 |b Tư-Đ |
| 245 | 0 | 0 | |a Từ điển Hoá học Anh - Việt = |b English - Vietnamese Dictionary Of Chemistry. |
| 246 | 0 | 1 | |a English - Vietnamese Dictionary Of Chemistry. |
| 260 | |a Hà Nội : |b Khoa học và kỹ thuật, |c 1999. | ||
| 300 | |a 1163 tr. ; |c 24 cm. | ||
| 630 | 0 | 4 | |a Từ điển. |
| 630 | 0 | 4 | |a Hoá học. |
| 650 | 0 | 4 | |a Hoá học |v Từ điển |x Anh-Việt. |
| OWN | |a DUT | ||
| AVA | |a UDN50 |b DUT |c Book |d 503 Tư-Đ |e available |t Error 5001 Not defined in file expand_doc_bib_avail. |f 1 |g 0 |h N |i 0 |j SH |k 1 | ||
| 999 | |a From the UDN01 | ||
| AVA | |a UDN50 |b DUT |c Book |d 503 Tư-Đ |e available |t Error 5001 Not defined in file expand_doc_bib_avail. |f 1 |g 0 |h N |i 0 |j SH |k 1 | ||
| TYP | |a Monograph | ||
| TYP | |a Printed language | ||
| 980 | |a Mạng thư viện Đại học Đà Nẵng | ||